Les Christophe célèbres - Statistiques

Statistiques générales
  • Ce quiz a été pris 207 fois
  • Le résultat moyen est 8 sur 16
Statistiques - réponses
Par images Réponse % Correct
Christophe Maé
94%
Christophe Willem
84%
Christophe Colomb
82%
Christophe Dechavanne
81%
Christophe Beaugrand
73%
Christophe Dugarry
67%
Christophe Castaner
53%
Christophe Lemaitre
52%
Christophe Lambert
50%
Christophe Dominici
49%
Christophe Hondelatte
47%
Christophe Michalak
25%
Christophe Carrière
15%
Christophe Izard
9%
Christophe Salengro
8%
Christophe Delay
2%
Aucun quiz correspondant
Distribution des résultats
% des personnes avec chaque résultat
Percentile par nombre de réponses
Votre historique - résultats
Vous n’avez pas pris ce quiz